000 00466nam a2200121Ia 4500
008 181023s9999 xx 000 0 und d
020 _a9789719806950
100 _aYuvienco, Joel C.
245 _cJoel C. Yuvienco
_aEmpowerment technologies:
_bmaking small shifts towards a big difference for senior high school/
260 _aQuezon City:
_bC and E Publishing, Inc.
_c2017
300 _avii, 152 pages :
_bcol. illustration ;
_c25 cm.
650 _aInformation technology
999 _c359416
_d359416